000 nam a22 a 4500
999 _c1812
_d1812
003 AKMAL
005 20170512093921.0
008 170512s1990 my 00 eng d
020 _a9676513229
020 _a9676512680 (pbk.):
_cRgt. 37.50
040 _aAKMAL
082 0 4 _a343.59505523 RAM
090 _a343.59505523
_bRAM
100 1 _aRamanujam K.
_93743
245 1 _aCustoms, sales tax procedures and exemption facilities for manufacturers in Malaysia /
_cK. Ramanujam
260 _aPetaling Jaya :
_bFajar Bakti,
_c1990
300 _axxii, 253p. :
_bill. ;
_c25cm
650 _aSales tax
_zMalaysia
_9178
650 _aCustoms privileges
_zMalaysia
_93744
650 _aTaxation, Exemption from
_zMalaysia
_93745
650 _aDuty-free importation
_zMalaysia
_93746
650 _aTariff
_zMalaysia
_93747
942 _2ddc
_cBOOK